000 00901nam a22002651u 4500
001 06094
003 HDC
007 cr bn ---
008 210122p xx fo d 00 engg
040 _aHDC
100 _aHamidon Hamzah
_96395
245 0 _aHalal Parks and Halal Incentives In Malaysia /
_cby Hamidon Hamzah
260 _a[No place] :
_b[publisher not identified],
_c2015
300 _a36 pages :
_bIllustrations
336 _atext
_2rdacontent
337 _acomputer
_2rdamedia
338 _aonline resource
_2rdacarrier
650 _aHalal incentives
_zMalaysia
_96397
650 _aHalal industry
_9144
650 _aHalal parks
_zMalaysia
_96396
856 _zRequest full-text at [email protected]
942 _2lcc
942 _cSLIDE
942 _kSLID 000694
999 _c3418
_d3418